বাঙ্গালা সাহিত্যের ইতিহাস / (Record no. 50604)
[ view plain ]
| 000 -LEADER | |
|---|---|
| fixed length control field | 01008nam a2200253 a 4500 |
| 001 - CONTROL NUMBER | |
| control field | 50604 |
| 003 - CONTROL NUMBER IDENTIFIER | |
| rucl marc code | BD-RjUL |
| 005 - DATE AND TIME OF LATEST TRANSACTION | |
| control field | 20211209075533.0 |
| 008 - FIXED-LENGTH DATA ELEMENTS--GENERAL INFORMATION | |
| fixed length control field | 160828s1963 ii b 000 0 ben |
| 020 ## - INTERNATIONAL STANDARD BOOK NUMBER | |
| Terms of availability | : IRs. 20.00 |
| 035 ## - SYSTEM CONTROL NUMBER | |
| System control number | (BD-RjUL)50724 |
| 040 ## - CATALOGING SOURCE | |
| Original cataloging agency | DLC |
| Transcribing agency | Wa |
| Modifying agency | DLC |
| -- | BD-RjUL |
| Language of cataloging | ben/eng |
| 041 ## - LANGUAGE CODE | |
| Language code of text/sound track or separate title | ben |
| 082 00 - DEWEY DECIMAL CLASSIFICATION NUMBER | |
| Classification number | 891.4409 |
| Edition number | 23 |
| Author mark and year | SEB 1963 |
| 100 1# - MAIN ENTRY--PERSONAL NAME | |
| Personal name | সেন, সুকুমার |
| 9 (RLIN) | 219657 |
| 245 10 - TITLE STATEMENT | |
| Title | বাঙ্গালা সাহিত্যের ইতিহাস / |
| Statement of responsibility, etc. | সুকুমার সেন |
| 250 ## - EDITION STATEMENT | |
| Edition statement | ৫ম সং. |
| 260 ## - PUBLICATION, DISTRIBUTION, ETC. (IMPRINT) | |
| Place of publication, distribution, etc. | কলিকাতা : |
| Name of publisher, distributor, etc. | ইস্টার্ন পাবলিশার্স, |
| Date of publication, distribution, etc. | ১৯৬৩ (১৩৭০ বাং) |
| 300 ## - PHYSICAL DESCRIPTION | |
| Pagination | খণ্ড : |
| Illustrations | চিত্র ; |
| Size | ২২ সেমি. |
| 505 1# - FORMATTED CONTENTS NOTE | |
| Formatted contents note | খণ্ড ২, ঊনবিংশ শতাব্দ -- |
| 650 ## - SUBJECT ADDED ENTRY--TOPICAL TERM | |
| Topical term or geographic name as entry element | বাংলা সাহিত্য |
| General subdivision | ইতিহাস |
| 9 (RLIN) | 219658 |
| Topical term or geographic name as entry element | Bengali literature |
| General subdivision | History |
| 9 (RLIN) | 219659 |
| 942 ## - ADDED ENTRY ELEMENTS (KOHA) | |
| Source of classification or shelving scheme | Dewey Decimal Classification |
| Koha item type | Books |
| Lost status | Source of classification or shelving scheme | Damaged status | Not for loan | Collection code | Permanent Location | Current Location | Shelving location | Date acquired | Source of acquisition | Cost, normal purchase price | Total Checkouts | Full call number | Date last seen | Copy number | Koha item type |
|---|---|---|---|---|---|---|---|---|---|---|---|---|---|---|---|
| Dewey Decimal Classification | Not For Loan | Fiction | Central Library, University of Rajshahi | Central Library, University of Rajshahi | Reading Room | 12/02/2009 | Rajshahi, RUL | 20.00 | B 891.4409 SEB V-2 1963 | 07/12/2017 | C-1 | Books |